00542nam a2200181Ia 450000500170000000800410001702000150005808200220007310000120009510000200010724500190012726000350014630000160018150000440019794200060024195200980024799900150034520250325031715.0240331s9999 xx 000 0 und d a0140127240 a302.234bNAI2933 aNair, M aTaraporevala, S 0aSalaam Bombay! aNew DelhibPenguin Booksc1989 axi, 204 p., aHow the film "Salaam Bombay!" was made. cL 001040708LaWERCLbWERCLcSSCd2024-03-31l0o 302.234 NAIp933r2024-03-31w2024-03-31yL c1177d1177